000 00246nam a22000977a 4500
008 240831b |||||||| |||| 00| 0 eng d
020 _a9780600620983
100 _aFarrow Joanna
_97793
245 _a200 CupCakes
260 _aGreat Britan
_bHamlyn
_c2010
999 _c12635
_d12635